000 00842nam a2200277 4500
001 51149
003 BD-RJUL
005 20211209075621.0
008 160829s1960 enka 000 0 eng d
035 _aBD-RJUL 51269
040 _aBD-RjUL
_beng
_cBD-RjUL
041 _aeng
082 _223
_a534.1
_bBLV 1960
100 1 _aBland, D. R.
_q(David Russell)
_9153011
245 1 0 _aVibrating strings :
_ban introduction to the wave equation /
_cby D.R. Bland.
260 _aLondon :
_bRoutledge & Kegan Paul,
_c[1960].
300 _a95 p. :
_bill. ;
_c19 cm.
490 1 _aLibrary of mathematics
504 _aIncludes bibliographical references.
650 0 _aVibration.
_9153012
650 0 _aWaves.
_9153013
650 0 _aWave equation.
_9153014
830 0 _aLibrary of mathematics
_9153015
942 _2ddc
_cBK
999 _c51149
_d51149